Prvé výsledky merania cien TV reklamy na Slovensku

Porovnanie cien za TV reklamu v krajinách strednej a východnej Európy. Porovnanie cien za reklamu podľa televíznych staníc v jednotlivých krajinách. Na Slovensku sú drahšie televízne spoty ako v Maďarsku a Poľsku, v rebríčku vedie vysoko Česko.

Gespeichert in:
Bibliographische Detailangaben
Format: Buchkapitel
Sprache:Slowakisch
Schlagworte:
Tags: Tag hinzufügen
Keine Tags, Fügen Sie das erste Tag hinzu!

MARC

LEADER 00000naa$a2200000$$$4500
001 0060440
005 20231127111815.1
041 0 |a slo 
044 |a SK 
245 1 0 |a Prvé výsledky merania cien TV reklamy na Slovensku 
520 |a Porovnanie cien za TV reklamu v krajinách strednej a východnej Európy. Porovnanie cien za reklamu podľa televíznych staníc v jednotlivých krajinách. Na Slovensku sú drahšie televízne spoty ako v Maďarsku a Poľsku, v rebríčku vedie vysoko Česko. 
610 2 0 |a médiá 
610 2 0 |a televízia 
610 2 0 |a reklama 
610 2 0 |a spoty reklamné 
610 2 0 |a ceny 
610 2 0 |a Vyšehradská štvorka 
610 2 0 |a Rumunsko